| 000 | 01211 a2200289 4500 | ||
|---|---|---|---|
| 001 | 29432 | ||
| 005 | 20260407155603.0 | ||
| 008 | 260407a2003 arg spa d | ||
| 003 | AR-UNSa-BCEJYS | ||
| 040 |
_aAR-UNSa-BCEJYS _bspa _cAR-UNSa-BCEJYS |
||
| 080 |
_a658.16 _xReorganización financiera (Proyectos de inversión) |
||
| 245 | 1 | 0 |
_aGestión económica y financiera de proyectos con Microsoft Excel _pherramientas infórmaticas para la pequeña y mediana empresa |
| 020 | _a987-1046-11-1 | ||
| 264 | 1 |
_aBuenos Aires : _bOmicron System _c2003 |
|
| 300 |
_a240 p. _c23 cm. |
||
| 505 | _a1. Introducción - 2. Evaluación de proyectos de inversión - 3. Planificación y presupuesto económico y financiero - 4. Seguimiento y evaluación de resultados - 5. Plan de negocios | ||
| 041 | _aspa | ||
| 942 | _cBK | ||
| 590 | _aniveau_biblio:m niveau_hierar:0 | ||
| 100 | 1 | _aGarcía Fronti, Verónica M. | |
| 700 | 1 | _aSalvarredy, Julián Raúl | |
| 700 | 1 | _aRodríguez, Mariano | |
| 700 | 1 | _aGarcía Fronti, Javier I. | |
| 650 | _aEXCEL | ||
| 856 | 4 | 1 |
_uhttps://biblioeco.unsa.edu.ar/pmb/images/libros/Economiaca y financiera de proyectos-l87905.jpg _yImagen de portada _qimage/jpeg |
| 650 | _a excel | ||
| 999 |
_c1860 _d1860 |
||